000 00538nam a2200181Ia 4500
003 GCL
008 140319s9999 xx 000 0 eng d
040 _aGCL /
_cGCL
082 0 4 _a306
_bC I
100 1 _aCLIFTON, JAMES A
245 1 0 _aINTRODUCTION TO CULTURAL ANTHROPOLGY: ESSAYS IN THE SECOND METHODS OF THE SCIENCE OF MAN /
_cCLIFTON, JAMES A
260 _a[S.N] :
_bHOUGHTON MIFFLIN COMPANY ،
_c1968
650 0 4 _aLITERATURE
650 0 4 _aCULTURE
650 0 4 _aLANGUAGE - CULTURE
650 0 4 _aANTHROPOLOGY
942 _2ddc
_cBK
999 _c16665
_d16665